00305pab a2200121 454500008004000000100001700040245005400057260000900111300001100120362000900131650001900140773002400159180718b1987 xxu||||| |||| 00| 0 eng d aMcRae, Susan aThe allocation of money in cross - class families c1987 a97-122 aFeb. aIncome, Family aSociological Review